| Tag |
First Indicator |
Second Indicator |
Subfields |
| LEADER |
00000cam a2200000 a 4500 |
| 001 |
in00001409920 |
| 005 |
20151020070418.0 |
| 008 |
940817s1995 nyua j 000 1 eng |
| 010 |
|
|
|a 94031209
|
| 020 |
|
|
|a 0803717156
|
| 035 |
|
|
|a (OCoLC)31078910
|
| 035 |
|
|
|9 AHP8857AM
|
| 040 |
|
|
|a DLC
|c DLC
|d UtOrBLW
|
| 049 |
|
|
|a TXAG
|
| 050 |
0 |
0 |
|a PZ7.H67562
|b 1995
|
| 082 |
0 |
0 |
|a [E]
|2 20
|
| 100 |
1 |
|
|a Hoffman, Mary,
|d 1945-
|
| 245 |
1 |
0 |
|a Boundless Grace /
|c by Mary Hoffman ; pictures by Caroline Binch.
|
| 264 |
|
1 |
|a New York :
|b Dial Books for Young Readers,
|c 1995.
|
| 300 |
|
|
|a 1 volume (unpaged) :
|b color illustrations ;
|c 28 cm.
|
| 336 |
|
|
|a text
|b txt
|2 rdacontent
|
| 337 |
|
|
|a unmediated
|b n
|2 rdamedia
|
| 338 |
|
|
|a volume
|b nc
|2 rdacarrier
|
| 500 |
|
|
|a "Sequel to Amazing Grace."
|
| 500 |
|
|
|a Published in Great Britain by Frances Lincoln Limited as Grace & family.
|
| 520 |
|
|
|a Grace is invited for a visit with her father and his new family in Africa.
|
| 650 |
|
1 |
|a Stepfamilies
|x Fiction.
|
| 650 |
|
1 |
|a African Americans
|v Fiction.
|
| 651 |
|
1 |
|a Africa
|x Fiction.
|
| 700 |
1 |
|
|a Binch, Caroline,
|e illustrator.
|
| 999 |
|
|
|a MARS
|
| 999 |
f |
f |
|s eca3963c-0e61-3b8e-bf4b-f7a3c2fefafc
|i 09b1011b-04dc-37dc-93e3-00ff44afef9e
|t 0
|
| 952 |
f |
f |
|p normal
|a Texas A&M University
|b College Station
|c Sterling C. Evans Library
|d Evans: Curriculum Collection (4th floor)
|t 0
|e PZ7.H67562 1995
|h Library of Congress classification
|i unmediated -- volume
|m A14822371610
|
| 998 |
f |
f |
|a PZ7.H67562 1995
|t 0
|l Evans: Curriculum Collection (4th floor)
|